00697 a2200205 4500003000500000005001700005040000900022082001200031100002800043245007600071260003700147300001300184538002900197650002800226651001200254942000800266999001900274952010500293952009300398Nust20170207165240.0 cNust a005.133 aNaveed, Sidra (MSCS-18) aMulti robot user interface design based on hci principlescSidra Naveed aRawalpindibMCS,NUSTcApril-2014 aviii,77p aAlmirah No,71 Shelf No,5 abased on hci principles aMSCS-18 cTHS c211166d211166 00102ddc40708NFICaMCSbMCSd2016-12-12l0o005.133 NAVpMCSTCS-322r2016-12-08w2016-12-12yBK 00102ddc4070aCLbCLcTHEd2020-11-09l0o005pCL-T-1118r2020-11-09w2020-11-09yTHS